1777 1729 1425 1139 1446 1988 1019 1897 1495 1757 1002 1282 1511 1769 1353 1946 1564 1652 1007 1852 1914 1373 1287 1338 1692 1645 1604 1035 1227 1617 1705 1709 1236 1257 1152 1699 1949 1000 1340 1017 1432 1726 1589 1151 1565 1396 1331 1539 1466 1813 1906 1685 1583 1089 1023 1956 1770 1492 1442 1174 1412 1277 1675 1312 1613 1760 1637 1372 1130 1142 1569 1610 1779 1697 1746 1228 1441 1902 1322 1257 1339 1453 1462 1195 1286 1747 1435 1193 1458 1435 1762 1361 1169 1319 1478 1426 1594 1793 1705 BCNSPRNW ULIB Ver.6.0+V

เปลี่ยนเป็นภาษาไทย

Change to English
 แสดงรายละเอียดบรรณานุกรม
  กลับหน้าหลัก

Brief Record : Get Marc (ISO 2709) : E-mail record : QR code < ปิดหน้าต่าง
LEADER : 00000nam 2200000uu 4500
001    13399121483
003     ULIB
008    121121s2552||||th 000 0 tha d
020    ^a9786115120017
050 04 ^aSB449 ^bส831ก
100 0  ^aสุพัสดา ศรีอุดร.
245 1   ^aการจัดดอกไม้แบบสากล / ^cสุพัสดา ศรีอุดร, สมัย ศรีอุดร
250    ^aa พิมพ์ครั้งที่ 1.
260    ^aa กรุงเทพฯ : ^bวาดศิลป์, ^c2552.
300    ^aa 64 หน้า : ^bภาพประกอบ ; ^c26 ซม.
500    ^aa โครงการหนังสือส่งเสริมวิชาชีพธุรกิจ
590    ^aa 09/2552TV
650  7 ^aการจัดดอกไม้.
650  7 ^aดอกไม้ ^xการจัดและตกแต่ง.
658    ^aa TV -- 2 เล่ม
700 0  ^aสมัย ศรีอุดร
850    ^a HCU
945    ^p160^l0^i17806
995    ^aวิภา
999    ^aวิภา
รายการนี้ยังไม่มีแท็ก
คุณยังไม่ได้ล็อกอิน คุณสามารถมีกิจกรรมร่วมกับเว็บไซต์ได้ แต่ต้องล็อกอินก่อน ::
  ล็อกอิน

รายการสื่อสารสนเทศ

ลำดับที่ ประเภท เลขเรียก/บาร์โค้ด สถานที่ สถานะ
1. วิทยาศาสตร์การแพทย์ และสุขภาพ
วิทยาศาสตร์การแพทย์ และสุขภาพ
SB449 ส831ก  
  Barcode: 17806
ห้องสมุดวิทยาเขตสวรรค์ประชารักษ์
►หนังสือทั่วไป
บนชั้น

BibComment


ยังไม่เคยถูกคอมเมนท์

คอมเมนท์ทรัพยากรรายการนี้
  คอมเมนท์: การจัดดอกไม้แบบ..


 Copyright 2026. Bcnsprnw @Library